00370nam a2200121Ia 4500003000400000005001700004008004100021040001800062041000800080100004600088245007900134260003500213OSt20260226094324.0211028s2019 xx 000 0 und d cAIMIT LIBRARY aeng aDsouza, Joyson Sunil; Vasanth G.g1716084 aStudy on consumer movement towards new brand and acceptance in Mangalore / aMangalorebRajini Sureshc2019